Leviathan / (Record no. 35355)
[ view plain ]
| 000 -LEADER | |
|---|---|
| fixed length control field | 01572nam a2200313 a 4500 |
| 005 - DATE AND TIME OF LATEST TRANSACTION | |
| control field | 2010042005325.0 |
| 008 - FIXED-LENGTH DATA ELEMENTS--GENERAL INFORMATION | |
| fixed length control field | 900312s1991 enka b 001 0 eng |
| 010 ## - LCCN (DPL NO) | |
| LC control number | B-362919-922 |
| 020 ## - INTERNATIONAL STANDARD BOOK NUMBER | |
| International Standard Book Number | 9780140431957 |
| Terms of availability | 250.00 |
| 035 ## - SYSTEM CONTROL NUMBER | |
| System control number | B-362919-922 |
| 037 ## - SOURCE OF ACQUISITION | |
| Source of stock number/acquisition | UBH |
| 040 ## - CATALOGING SOURCE | |
| Original cataloging agency | dpl |
| Language of cataloging | English |
| 082 ## - DEWEY DECIMAL CLASSIFICATION NUMBER | |
| Classification number | 320.1 |
| 100 ## - MAIN ENTRY--PERSONAL NAME | |
| Personal name | Hobbes, Thomas |
| 245 ## - TITLE STATEMENT | |
| Title | Leviathan / |
| Statement of responsibility, etc | by Thomas Hobbes ; edited with an introduction by C.B. Macpherson |
| 260 ## - PUBLICATION, DISTRIBUTION, ETC. (IMPRINT) | |
| Place of publication, distribution, etc | New Delhi |
| Name of publisher, distributor, etc | Penguin Books |
| Date of publication, distribution, etc | 1985 |
| 270 ## - ADDRESS | |
| Address | 11 Community Centre, Panchsheel Park |
| City | New Delhi |
| Postal code | 110017 |
| 300 ## - PHYSICAL DESCRIPTION | |
| Extent | 729 p. |
| Dimensions | 21cm(pbk) |
| 650 ## - SUBJECT ADDED ENTRY--TOPICAL TERM | |
| Topical term or geographic name as entry element | Political science |
| General subdivision | Early works to 1800. |
| 650 ## - SUBJECT ADDED ENTRY--TOPICAL TERM | |
| Topical term or geographic name as entry element | State, The. |
| 700 ## - ADDED ENTRY--PERSONAL NAME | |
| Personal name | Macpherson, C.B. |
| 906 ## - LOCAL DATA ELEMENT F, LDF (RLIN) | |
| a | 7 |
| 942 ## - ADDED ENTRY ELEMENTS (KOHA) | |
| Source of classification or shelving scheme | Dewey Decimal Classification |
| Item type | English Books |
| Classification part | 320.1 |
| Call number suffix | HOB |
| Withdrawn status | Lost status | Source of classification or shelving scheme | Damaged status | Not for loan | Collection code | Home library | Current library | Date acquired | Source of acquisition | Cost, normal purchase price | Total Checkouts | Total Renewals | Full call number | Barcode | Date last seen | Copy number | Cost, replacement price | Koha item type | Public note |
|---|---|---|---|---|---|---|---|---|---|---|---|---|---|---|---|---|---|---|---|
| Dewey Decimal Classification | Non-fiction | Central Library | Central Library | 20/04/2010 | UBH/147/5.11.09/131/16.10.09/5.11.09 | 250.00 | 3 | 1 | 320.1 HOB | B-362919 | 03/04/2025 | 1 | 250.00 | English Books | |||||
| Dewey Decimal Classification | Non-fiction | Karol Bagh | Karol Bagh | 20/04/2010 | UBH/147/5.11.09/131/16.10.09/5.11.09 | 250.00 | 320.1 HOB | B-362922 | 20/04/2010 | 1 | 250.00 | English Books | |||||||
| Withdrawn | Dewey Decimal Classification | Non-fiction | Patel Nagar | Patel Nagar | 20/04/2010 | UBH/147/5.11.09/131/16.10.09/5.11.09 | 250.00 | 320.1 HOB | B-362920 | 20/04/2010 | 1 | 250.00 | English Books | ||||||
| Binding | Dewey Decimal Classification | Non-fiction | Sarojini Nagar | Sarojini Nagar | 20/04/2010 | UBH/147/5.11.09/131/16.10.09/5.11.09 | 250.00 | 320.1 HOB | B-362921 | 20/04/2010 | 1 | 250.00 | English Books | Withdrawn List Prepared L.No, 147/25 |
